000 nam a22 7a 4500
999 _c233640
_d233640
003 Nust
005 20170309132316.0
008 170309b xxu||||| |||| 00| 0 eng d
040 _cDLC
082 _a621.3678 VAR
245 _aAdvanced Image Processing Techniques for Remotely Sensed Hyperspectral Data /
_cVarshney,P.K.
260 _aBerline:
_bSpringer like,
300 _a322p. :
942 _2ddc
_cBK